Türk yurdu (1911-1931) üzerine bir inceleme / (Record no. 200429358)

MARC details
000 -LEADER
fixed length control field 01164cam a2200325 a 4500
001 - CONTROL NUMBER
control field AOS-2699
003 - CONTROL NUMBER IDENTIFIER
control field TR-AnTOB
005 - DATE AND TIME OF LATEST TRANSACTION
control field 20230619143941.0
008 - FIXED-LENGTH DATA ELEMENTS--GENERAL INFORMATION
fixed length control field 980417s1990 tur b 00100 tur
020 ## - INTERNATIONAL STANDARD BOOK NUMBER
International Standard Book Number 9751706958
040 ## - CATALOGING SOURCE
Original cataloging agency TR-AnTOB
Transcribing agency TR-AnTOB
Language of cataloging eng
Description conventions rda
041 0# - LANGUAGE CODE
Language code of text/sound track or separate title Türkçe
050 #4 - LIBRARY OF CONGRESS CALL NUMBER
Classification number PN5449.T8
Item number .Z98 1990
090 #4 - LOCALLY ASSIGNED LC-TYPE CALL NUMBER (OCLC); LOCAL CALL NUMBER (RLIN)
Classification number (OCLC) (R) ; Classification number, CALL (RLIN) (NR) PN5449.T8
Local cutter number (OCLC) ; Book number/undivided call number, CALL (RLIN) .Z98 1990
100 1# - MAIN ENTRY--PERSONAL NAME
Personal name Tuncer, Hüseyin
Relator code author
9 (RLIN) 14153
245 10 - TITLE STATEMENT
Title Türk yurdu (1911-1931) üzerine bir inceleme /
Statement of responsibility, etc. Hüseyin Tuncer.
264 ## - PRODUCTION, PUBLICATION, DISTRIBUTION, MANUFACTURE, AND COPYRIGHT NOTICE
Place of production, publication, distribution, manufacture Ankara :
Name of producer, publisher, distributor, manufacturer Kültür Bakanlığı,
Date of production, publication, distribution, manufacture, or copyright notice 1990.
300 ## - PHYSICAL DESCRIPTION
Extent xi, 547 p.
Dimensions 13 cm
336 ## - CONTENT TYPE
Source rdacontent
Content type term text
Content type code txt
337 ## - MEDIA TYPE
Source rdamedia
Media type term unmediated
Media type code n
338 ## - CARRIER TYPE
Source rdacarrier
Carrier type term volume
Carrier type code nc
490 0# - SERIES STATEMENT
Series statement Kültür Bakanlığı yayınları ;
Volume/sequential designation 1214.
Series statement Kaynak eserler dizisi ;
Volume/sequential designation 48
500 ## - GENERAL NOTE
General note Title on cover: Türk yurdu üzerine bir inceleme.
General note ISBN from p. [4] of cover; ISBN (invalid) 9751706958 on verso of t.p.
504 ## - BIBLIOGRAPHY, ETC. NOTE
Bibliography, etc. note
650 #0 - SUBJECT ADDED ENTRY--TOPICAL TERM
Topical term or geographic name entry element Türk süreli yayınları
General subdivision Tarih
9 (RLIN) 125507
Topical term or geographic name entry element Turkish periodicals
General subdivision History
9 (RLIN) 80528
942 ## - ADDED ENTRY ELEMENTS (KOHA)
Source of classification or shelving scheme Library of Congress Classification
Koha item type Book
Holdings
Withdrawn status Lost status Source of classification or shelving scheme Not for loan Collection code Home library Current library Shelving location Date acquired Source of acquisition Inventory number Total Checkouts Full call number Barcode Date last seen Date shelved Koha item type
    Library of Congress Classification Ödünç Verilebilir / Available Genel Koleksiyon Merkez Kütüphane Merkez Kütüphane Genel Koleksiyon / Main Collection 05/04/2018 Bağış / Donation TDE   PN5449.T8 Z98 1990 0056370 05/04/2018 06/04/2018 Book
Devinim Yazılım Eğitim Danışmanlık tarafından Koha'nın orjinal sürümü uyarlanarak geliştirilip kurulmuştur.